Occasional papers for 1946 on the geology of Michigan. (Record no. 28355)

MARC details
000 -LEADER
fixed length control field 01530cam a22003491 4500
001 - CONTROL NUMBER
control field gs 49000104
003 - CONTROL NUMBER IDENTIFIER
control field DLC
005 - DATE AND TIME OF LATEST TRANSACTION
control field 20260227111355.0
008 - FIXED-LENGTH DATA ELEMENTS--GENERAL INFORMATION
fixed length control field 770316s1947 miuab s000 0 eng c
010 ## - LIBRARY OF CONGRESS CONTROL NUMBER
LC control number gs 49000104
035 ## - SYSTEM CONTROL NUMBER
System control number (OCoLC)2808659
040 ## - CATALOGING SOURCE
Original cataloging agency U.S. Geol. Survey Libr.
Transcribing agency MiRochOU
Modifying agency OCoLC
-- DLC
042 ## - AUTHENTICATION CODE
Authentication code premarc
043 ## - GEOGRAPHIC AREA CODE
Geographic area code n-us-mi
050 00 - LIBRARY OF CONGRESS CALL NUMBER
Classification number QE125
Item number .A4 no. 38
082 ## - DEWEY DECIMAL CLASSIFICATION NUMBER
Classification number 557.74
100 1# - MAIN ENTRY--PERSONAL NAME
Personal name Smith, Richard A,
Dates associated with a name 1876-
Relator term ed.
245 10 - TITLE STATEMENT
Title Occasional papers for 1946 on the geology of Michigan.
Statement of responsibility, etc. Prepared under the direction of R. A. Smith.
260 ## - PUBLICATION, DISTRIBUTION, ETC.
Place of publication, distribution, etc. [Lansing,
Date of publication, distribution, etc. 1947]
300 ## - PHYSICAL DESCRIPTION
Extent 82, 70 p.
Other physical details illus., maps (part fold.)
Dimensions 24 cm.
490 1# - SERIES STATEMENT
Series statement Michigan. Dept. of Conservation. Geological Survey Division. Publication 45, Geological series 38
500 ## - GENERAL NOTE
General note Each pt. has special t.p.
502 ## - DISSERTATION NOTE
Dissertation note The authors theses - Univ. of Michigan.
505 0# - FORMATTED CONTENTS NOTE
Formatted contents note The post-glacial geology of the Marais Embaymennt, Berrien County, Michigan, by G. C. Tague. References (p. 80) -- The glacial and post-glacial history of the Platte and Crystal Lake depressions, Benzie County, Michigan, b. J. L. Calver. Bibliography: p. 68.
650 #0 - SUBJECT ADDED ENTRY--TOPICAL TERM
Topical term or geographic name entry element Geology
Geographic subdivision Michigan
-- Berrien County.
650 #0 - SUBJECT ADDED ENTRY--TOPICAL TERM
Topical term or geographic name entry element Geology
Geographic subdivision Michigan
-- Benzie County.
650 #0 - SUBJECT ADDED ENTRY--TOPICAL TERM
Topical term or geographic name entry element Glacial epoch.
700 12 - ADDED ENTRY--PERSONAL NAME
Personal name Tague, Glenn Charles,
Dates associated with a name 1905-
700 12 - ADDED ENTRY--PERSONAL NAME
Personal name Calver, James Lewis,
Dates associated with a name 1913-
810 1# - SERIES ADDED ENTRY--CORPORATE NAME
Corporate name or jurisdiction name as entry element Michigan.
Subordinate unit Geological Survey Division.
Title of a work Publication ;
Volume/sequential designation 45.
810 1# - SERIES ADDED ENTRY--CORPORATE NAME
Corporate name or jurisdiction name as entry element Michigan.
Subordinate unit Geological Survey Division.
Title of a work Geological series ;
Volume/sequential designation 38.

No items available.

Powered by Koha